书目信息 |
| 题名: |
中印文化交流史
|
|
| 作者: | 季羡林 著 | |
| 分册: | ||
| 出版信息: | 北京 中国社会科学出版社 2008 |
|
| 页数: | 279页 | |
| 开本: | 24cm | |
| 丛书名: | ||
| 单 册: | ||
| 中图分类: | K203 , K351.03 | |
| 科图分类: | ||
| 主题词: | 中印关系--文化交流--文化史--研究 , 中印关系 , 文化交流 , 文化史 | |
| 电子资源: | ||
| ISBN: | 978-7-5004-6508-9 | |
| 000 | 01033nam0 2200289 45 | |
| 001 | 1033113234 | |
| 005 | 20100409101919.75 | |
| 010 | @a978-7-5004-6508-9@dCNY29.00 | |
| 100 | @a20100402d2008 em y0chiy50 ea | |
| 101 | 0 | @achi |
| 102 | @aCN@b110000 | |
| 105 | @aa z 000yy | |
| 106 | @ar | |
| 200 | 1 | @a中印文化交流史@AZhong Yin Wen Hua Jiao Liu Shi@dA history of Sino-Indian cultural exchanges@f季羡林著@FJi Xian Lin Zhu@zeng |
| 210 | @a北京@c中国社会科学出版社@d2008 | |
| 215 | @a279页@c照片@d24cm | |
| 330 | @a本书以时间为序,研究了中印两国在精神文明和物质文明两方面的交流情况,范围包括语言、文学、艺术、哲学、宗教、科学、技术以及蚕、丝、茶、火药、印刷术、糖,等等。 | |
| 510 | 1 | @aHistory of Sino-Indian cultural exchanges@zeng |
| 606 | 0 | @a中印关系@x文化交流@x文化史@x研究 |
| 606 | 0 | @a中印关系 |
| 606 | 0 | @a文化交流 |
| 606 | 0 | @a文化史 |
| 690 | @aK203@v4 | |
| 690 | @aK351.03@v4 | |
| 701 | 0 | @a季羡林@AJi Xian Lin@f(1911~2009)@4著 |
| 801 | 0 | @aCN@bTANGWEI@c20100409 |
| 905 | @b0588573-76@dK203@e127@f4 | |
| 中印文化交流史=A history of Sino-Indian cultural exchanges/季羡林著.-北京:中国社会科学出版社,2008 |
| 279页:照片;24cm |
| ISBN 978-7-5004-6508-9:CNY29.00 |
| 本书以时间为序,研究了中印两国在精神文明和物质文明两方面的交流情况,范围包括语言、文学、艺术、哲学、宗教、科学、技术以及蚕、丝、茶、火药、印刷术、糖,等等。 |
| ● |
| 相关链接 |
|
|
|
|
正题名:中印文化交流史
索取号:K203/127
 
预约/预借
| 序号 | 登录号 | 条形码 | 馆藏地/架位号 | 状态 | 备注 |
| 1 | 0588573 | 205885737 | 第二样本阅览室/ [索取号:K203/127] | 在馆 | |
| 2 | 0588574 | 205885746 | 第二借阅区/ [索取号:K203/127] | 在馆 | |
| 3 | 0588575 | 205885755 | 第二借阅区/ [索取号:K203/127] | 在馆 | |
| 4 | 0588576 | 205885764 | 第二借阅区/ [索取号:K203/127] | 在馆 |